La géométrie contemporaine.
Guardado en:
| Autor Principal: | |
|---|---|
| Formato: | Libro |
| Idioma: | French |
| Publicado: |
Paris :
Presses Univerisitaires de France,
1950.
|
| Edición: | [1. éd.]. |
| Series: | "Que sais-je?" Le point des connaissances actuelles ;
401 |
| Materias: | |
| Etiquetas: |
Agregar Etiqueta
Sin Etiquetas, Sea el primero en etiquetar este registro!
|
| LEADER | 00667cam a22002171a 4500 | ||
|---|---|---|---|
| 001 | MAT.inmabb005661 | ||
| 008 | 751210s1950####fr#a##########000#0#fre## | ||
| 005 | 20170517141914.0 | ||
| 245 | 0 | 3 | |a La géométrie contemporaine. |
| 250 | |a [1. éd.]. | ||
| 260 | |a Paris : |b Presses Univerisitaires de France, |c 1950. | ||
| 300 | |a 128 p. : |b diagrs. ; |c 18 cm. | ||
| 490 | 0 | |a "Que sais-je?" Le point des connaissances actuelles ; |v 401 | |
| 510 | 4 | |a MR, |c MR0034586 | |
| 100 | 1 | |a Delachet, André, |d 1919- | |
| 650 | 0 | |a Geometry, Modern. | |
| 650 | 0 | |a Topology. | |
| 084 | |a 51 |2 MR | ||
| 010 | |a 50003915 | ||
| 040 | |a DLC |c FMU |d OCoLC |d DLC | ||
| 859 | |h 51 |i D332 |p A-3389 |b BIB. MATEMATICA | ||
